Digital communication over fading channels : (Record no. 191750)

000 -LEADER
fixed length control field 01302 a2200277 4500
003 - CONTROL NUMBER IDENTIFIER
control field Nust
005 - DATE AND TIME OF LATEST TRANSACTION
control field 20170207154023.0
010 ## - LIBRARY OF CONGRESS CONTROL NUMBER
LC control number 99056352
020 ## - INTERNATIONAL STANDARD BOOK NUMBER
International Standard Book Number 0471317799 (alk. paper)
040 ## - CATALOGING SOURCE
Transcribing agency Nust
082 00 - DEWEY DECIMAL CLASSIFICATION NUMBER
Classification number 621.382
100 1# - MAIN ENTRY--PERSONAL NAME
Personal name Simon, Marvin Kenneth,
245 10 - TITLE STATEMENT
Title Digital communication over fading channels :
Remainder of title a unified approach to performance analysis (E-Book)
Statement of responsibility, etc. Marvin K. Simon, Mohamed-Slim Alouini.
260 ## - PUBLICATION, DISTRIBUTION, ETC.
Place of publication, distribution, etc. New York :
Name of publisher, distributor, etc. John Wiley & Sons,
Date of publication, distribution, etc. c2000.
300 ## - PHYSICAL DESCRIPTION
Extent xix, 544 p. :
Other physical details ill. ;
Dimensions 25 cm.
440 #0 - SERIES STATEMENT/ADDED ENTRY--TITLE
Title Wiley series in telecommunications and signal processing
505 ## - FORMATTED CONTENTS NOTE
Formatted contents note Fundamentals (Page-1) Mathematical Tools (Page-69) Optimum Reception and Performance (Page-157) Application in Practical Communication (Page-437) Further Extension (Page-497)
610 ## - SUBJECT ADDED ENTRY--CORPORATE NAME
Corporate name or jurisdiction name as entry element Telecommunication engineering.
650 #0 - SUBJECT ADDED ENTRY--TOPICAL TERM
Topical term or geographic name entry element Digital communications
General subdivision Reliability
-- Mathematics.
650 #0 - SUBJECT ADDED ENTRY--TOPICAL TERM
Topical term or geographic name entry element Radio
General subdivision Transmitters and transmission
-- Fading.
651 ## - SUBJECT ADDED ENTRY--GEOGRAPHIC NAME
Geographic name (E-Book)
700 1# - ADDED ENTRY--PERSONAL NAME
Personal name Alouini, Mohamed-Slim.
856 42 - ELECTRONIC LOCATION AND ACCESS
Materials specified Contributor biographical information
Uniform Resource Identifier <a href="http://www.loc.gov/catdir/bios/wiley043/99056352.html">http://www.loc.gov/catdir/bios/wiley043/99056352.html</a>
856 42 - ELECTRONIC LOCATION AND ACCESS
Materials specified Publisher description
Uniform Resource Identifier <a href="http://www.loc.gov/catdir/description/wiley035/99056352.html">http://www.loc.gov/catdir/description/wiley035/99056352.html</a>
856 42 - ELECTRONIC LOCATION AND ACCESS
Materials specified Table of Contents
Uniform Resource Identifier <a href="http://www.loc.gov/catdir/toc/onix06/99056352.html">http://www.loc.gov/catdir/toc/onix06/99056352.html</a>
942 ## - ADDED ENTRY ELEMENTS (KOHA)
Source of classification or shelving scheme
Koha item type Book
Holdings
Withdrawn status Lost status Source of classification or shelving scheme Damaged status Not for loan Collection code Permanent Location Current Location Date acquired Total Checkouts Full call number Barcode Date last seen Price effective from Koha item type
            Military College of Signals (MCS) Military College of Signals (MCS) 12/12/2016   621.382 MCSEB-1111 12/08/2016 12/12/2016 Book
© 2023 Central Library, National University of Sciences and Technology. All Rights Reserved.